| 000 | 00571nam a22001937a 4500 | ||
|---|---|---|---|
| 005 | 20240124103859.0 | ||
| 008 | 240122b |||||||| |||| 00| 0 eng d | ||
| 020 | _a9780198568780 | ||
| 082 |
_a612 _bPOC-H |
||
| 100 | _aPocock,Gillian | ||
| 245 |
_aHuman Physiology: _bThe basic of medicine/ _cGillian Pocock, Richards Christopher.D |
||
| 250 | _a3rd ed. | ||
| 260 |
_aChina: _bOxford University Press; _c2006. |
||
| 300 |
_axiii; 638 p: _bill; _c27.5 cm |
||
| 500 | _aInclude Index. | ||
| 650 | _aPhysiology/Medical | ||
| 700 | _aRichards Christopher.D | ||
| 999 |
_c35099 _d35099 |
||